Daños del trabajo y derecho penal (Registro nro. 18621)

Detalles MARC
000 -LEADER
fixed length control field 00309 a2200109 4500
001 - CONTROL NUMBER
control field ART_38664
005 - DATE AND TIME OF LATEST TRANSACTION
control field 20260410161739.0
008 - FIXED-LENGTH DATA ELEMENTS--GENERAL INFORMATION
fixed length control field 260409a
100 1# - MAIN ENTRY--PERSONAL NAME
Personal name Pajoni, Guillermo
245 10 - TITLE STATEMENT
Title Daños del trabajo y derecho penal
773 0# - HOST ITEM ENTRY
Title Doctrina laboral
Related parts - Nº 345 (mayo 2014)
Record control number REV4049

No hay ítems disponibles.